000 00788nam a22002297a 4500
999 _c9174
_d9174
001 9174
003 BD-JhCC
005 20180310165656.0
008 171112s1982 bg a|||| ||a| 000 0 ben d
035 _a(BD-JhCC)9174
040 _aBD-JhCC
_dBD-JhCC
041 _aben
082 _a320
_bAHM 1982
100 _aআহমদ, আবুল মনসুর
245 _aআমাদের স্বাধীনতা /
_cআবুল মনসুর আহমদ
_bবেশী দামে কেনা কম দামে বেচা
260 _aঢাকা :
_bআহমদ পাবলিশিং হাউজ,
_c১৯82.
300 _a342 p. :
_c21 cm.
650 _aPolitical science
710 _aবাংলা একাডেমী
942 _2ddc
_cBK